• 首页
  • 本馆介绍
  • 公告通知
  • 最新文献
  • 馆藏检索
  • 电子资源
  • 读者导购
  • 参考咨询
  • 我的图书馆
  • 登录
  • 详细信息显示
  • 放入我的书架
  • 预约/预借图书
  • 作者相关作品
  • 分类相关作品
  • 丛书相关作品
  • 出版社相关作品

书目信息

  • 表格格式
  • 工作单格式
  • 卡片格式
题名:
世贸组织规则与我国新法律法规
    
 
作者: 胡振杰 , 何平 著
分册:  
出版信息: 北京   人民法院出版社  2002
页数: 525页
开本: 20cm
丛书名:
单 册:
中图分类: F743
科图分类:
主题词: 世界贸易组织--规则--解释 , 法律--解释--中国
电子资源:
ISBN: 7-80161-406-2
000 00654nam0 2200217 45
001 0404081045
005 20040408103008.7
010    @a7-80161-406-2@dCNY28.00
100    @a20040408d2002 km y0chiy0120 ea
101 0  @achi
105    @a z 000yy
200 1  @a世贸组织规则与我国新法律法规@AShi Mao Zu Zhi Gui Ze Yu Wo Guo Xin Fa Lu Fa Gui@f胡振杰,何平著@FHu Zhen Jie,He Ping Zhu
210    @a北京@c人民法院出版社@d2002
215    @a525页@d20cm
606 0  @a世界贸易组织@x规则@x解释
606 0  @a法律@x解释@y中国
690    @aF743@v4
701  0 @a胡振杰@4著
701  0 @a何平@4著
801    @aCN@bTSTC@c20040408
905    @b331158-160@dF743@e26@f3
    
    世贸组织规则与我国新法律法规/胡振杰,何平著.-北京:人民法院出版社,2002
    525页;20cm
    
    
    ISBN 7-80161-406-2:CNY28.00
    
●
相关链接 在E读中查询图书 在五车中查询图书 在当当中查询图书 在豆瓣中查询图书


正题名:世贸组织规则与我国新法律法规     索取号:F743/26         预约/预借

序号 登录号 条形码 馆藏地/架位号 状态 备注
1 0331158   203311585   密集书库/ [索取号:F743/26] 在馆    
2 0331159   203311594   第一借阅区/ [索取号:F743/26] 在馆    
3 0331160   203311601   第一样本阅览室/ [索取号:F743/26] 在馆    
4 0336192   203361922   第一借阅区/ [索取号:F743/26] 在馆    
5 0336193   203361931   密集书库/ [索取号:F743/26] 在馆    
唐山师范学院图书馆 欢迎您!
大连网信软件有限公司© 版权所有